Sustainable stock management and development of aquaculture technology suitable for Southeast Asia
Contents: Suitable stock management in tropical/subtropical areas, development of aquaculture technology suitable for Southeast Asia.
Wedi'i Gadw mewn:
| Fformat: | Llyfr |
|---|---|
| Iaith: | Undetermined |
| Cyhoeddwyd: |
Japan
JIRCAS
2012
|
| Pynciau: | |
| Tagiau: |
Ychwanegu Tag
Dim Tagiau, Byddwch y cyntaf i dagio'r cofnod hwn!
|
| Thư viện lưu trữ: | Trung tâm Học liệu Trường Đại học Cần Thơ |
|---|
| LEADER | 00784nam a2200193Ia 4500 | ||
|---|---|---|---|
| 001 | CTU_225681 | ||
| 008 | 210402s9999 xx 000 0 und d | ||
| 082 | |a 639.8 | ||
| 082 | |b S964/No.75 | ||
| 245 | 0 | |a Sustainable stock management and development of aquaculture technology suitable for Southeast Asia | |
| 245 | 0 | |c Edited by K. Tanaka, S Morioka and S. Watanabe | |
| 260 | |a Japan | ||
| 260 | |b JIRCAS | ||
| 260 | |c 2012 | ||
| 520 | |a Contents: Suitable stock management in tropical/subtropical areas, development of aquaculture technology suitable for Southeast Asia. | ||
| 650 | |a Sustainable aquaculture,Nuôi trồng thủy sản bền vững | ||
| 650 | |z Southeast Asia,Đông Nam Á | ||
| 910 | |b nthai | ||
| 980 | |a Trung tâm Học liệu Trường Đại học Cần Thơ | ||